000 00499nam a2200169Ia 4500
003 GCL
008 140319s9999 xx 000 0 ara d
040 _aGCL /
_cGCL
082 0 4 _a813.01
_bا ز
100 1 _aاحمد عبدالحميد
245 1 0 _aالزورق مجموعة قصصية /
_cاحمد عبدالحميد
260 _a[S.N] :
_bدار الشعب للطباعة والنشر ،
_c1992
300 _a126 ص
490 _a
650 0 4 _aالقصص العربية
942 _2ddc
_cBK
999 _c53113
_d53113